000 00484cam a2200193ua 4500
001 1651
008 110714n ii |||gr||||Z||||||eng
020 _a0-7069-9972-X
040 _cMAIN
082 _a338.5
100 1 _aDwivedi, D. N.,
245 1 _aMicro economic theory
_cby D. N. Dwivedi
250 _a2nd.
260 _aNew Delhi:
_bVikas Publishing house pvt. ltd.,996.
300 _axiv; 637p:
_bill;
_c25cm.
653 _aEconomics
653 _amicroeconomic
942 _cBK
999 _c1538
_d1538